000
00243nam a22000977a 4500
999
_c
515608
_d
515608
082
_a
TNC N3x54 T516
100
_a
Nath, Trilok
_9
21298
245
_a
Indian police in action
_c
by Trilok Nath
260
_a
New Delhi
_b
Super
_c
1984
300
_a
130p.